000 01306cam a22003134a 4500
001 15023921
005 20080702174444.0
008 070926s2008 njua b 001 0 eng
010 _a2007040174
020 _a9780132252423 (hbk. : alk. paper)
020 _a0132252422 (hbk. : alk. paper)
035 _a(OCoLC)ocn174134020
035 _a(OCoLC)174134020
040 _aDLC
_cDLC
_dBAKER
_dYDXCP
_dC#P
_dDLC
050 0 0 _aTK5105.52
_b.D39 2008
082 0 0 _a004.6
_222
_bDAY
100 1 _aDay, John D.,
_d1947-
_95568
245 1 0 _aPatterns in Network Architecture :
_bA Return to Fundamentals /
_cJohn Day.
260 _aUpper Saddle River, N.J. :
_bPearson Education,
_cc2008.
300 _axxxi, 429 p. :
_bill. ;
_c25 cm.
504 _aIncludes bibliographical references (p. 389-397) and index.
650 0 _aComputer network architectures.
_95569
650 0 _aComputer networks
_xDesign.
_95570
650 0 _aComputer networks
_xPhilosophy.
_95571
650 0 _aInternet
_xHistory.
_95572
942 _2ddc
_cBB
999 _c11678
_d11678